000 00708nam a2200229Ia 4500
003 OSt
005 20230622145954.0
008 210423s2014 xx 000 0 und d
020 _a978-0-19-437206-0
040 _cAL
041 _aeng
082 _a401
_223
_b WIDO
100 _aWIDDOWSON (H G)
_9111822
245 _aOxford introductions to language study: linguistics by H G Widdowson
260 _aNew York
_bOxford University Press
_c2014
300 _axiii,134
_bPB
365 _b495
_cINR
440 _aOxford introductions to language study
_9111823
650 _aLanguage
_9111824
906 _aG ; H ; introductions ; language ; linguistics ; Oxford ; study: ; Widdowson
942 _2ddc
_cBK
999 _c167143
_d167143